| 000 | 00471nam a2200145Ia 4500 | ||
|---|---|---|---|
| 008 | 210716s2014 xx 000 0 und d | ||
| 020 | _a9788184873245 | ||
| 041 | _aeng | ||
| 082 | _a004.22 RAOS | ||
| 100 | _aRao, S S S P. | ||
| 245 |
_aBasics of computer organization and architecture: problems and solutions. _bProblems and solutions. |
||
| 260 |
_aNew Delhi _bNarosa Publishing House _c2014 |
||
| 300 | _a1.8,11.62,I.3 | ||
| 650 | _aComputer Architecture/Organization | ||
| 999 |
_c194716 _d194716 |
||